Ideální bankéř je ten, který jako bankéř nepůsobí
Nedostatok kvalitných zamestnancov v klasických bankových pozíciách. Banky sa zameriavajú aj na mladých ľudí bez praxe, všetko dôležité vedia zaučiť. Požadované vlastnosti budúceho bankára. Predstavy ideálneho bankového pracovníka a jeho rola v modernom svete.
Salvato in:
| Autore principale: | |
|---|---|
| Natura: | Capitolo di libro |
| Lingua: | ceco |
| Soggetti: | |
| Tags: |
Nessun Tag, puoi essere il primo ad aggiungerne!!
|
MARC
| LEADER | 00000naa a2200000 4500 | ||
|---|---|---|---|
| 001 | 0259298 | ||
| 005 | 20191030090314.7 | ||
| 041 | 0 | |a cze | |
| 044 | |a CZ | ||
| 245 | 1 | 0 | |a Ideální bankéř je ten, který jako bankéř nepůsobí |c Martina Sobková |
| 520 | |a Nedostatok kvalitných zamestnancov v klasických bankových pozíciách. Banky sa zameriavajú aj na mladých ľudí bez praxe, všetko dôležité vedia zaučiť. Požadované vlastnosti budúceho bankára. Predstavy ideálneho bankového pracovníka a jeho rola v modernom svete. | ||
| 610 | 2 | 0 | |a bankovníctvo |
| 610 | 2 | 0 | |a zdroje ľudské |
| 610 | 2 | 0 | |a trh práce |
| 610 | 2 | 0 | |a kariéra |
| 100 | 1 | |a Sobková, Martina | |